=LDR 00000nam 2200000 4500 =001 000418 =005 20250710034221 =035 ##$$a 0010-0725000280 =007 ta =008 250710################a##########0#ind## =020 ##$$a 978-623-472-481-3 =082 ##$$a 398.209 598 =084 ##$$a 398.209 598 BAN j =100 #$$a Banerji Rukmini =245 1#$$a Julia Berlari Pulang /$c Rukmini Banerji =250 ##$$a Cetakan Pertama 2024 =260 ##$$a Jakarta :$b Badan Pengembangan dan Pembinaan Bahasa,$c 2022 =300 ##$$a 20 hlm : $b Ilus. ; $c 22,9 cm =650 #4$$a Cerita Anak Indonesia - Terjemahan- Jerman =650 #4$$a Literasi- Bahan Bacaan =990 ##$$a TBM01420142